000 00625nam a2200241Ia 4500
003 OSt
005 20220918203824.0
006 a|||||r|||| 00| 0
007 ta
008 220917b |||||||| |||| 00| 0 eng d
024 _a109,932
037 _cTextual
040 _aARTS
_cARTS
_beng
041 _2eng
_aeng
082 _aV41:1:N5, K51
100 _aFairbank John K
245 0 _aEast Asia
_b the modern transformation
260 _c1965
490 _aHistory of East Asian civilization; 2
650 _aHISTORY
942 _hV41:1:N5, K51
_cTEXL
_2CC
999 _c233282
_d233282